Türkiye'de siyasi partilerin seçmenleri ve sosyal demokrasinin toplumsal tabanı (Record no. 8731)
[ view plain ]
| 000 -BAŞLIK | |
|---|---|
| Sabit Uzunlukta Kontrol Alanı | 00738na a2200241 4500 |
| 001 - KONTROL NUMARASI | |
| Denetim Alanı | 19802 |
| 003 - KONTROL NUMARASI IDENTIFIER | |
| Denetim Alanı | MIRAKIL |
| 005 - SON İŞLEM TARİHİ VE ZAMANI | |
| Denetim Alanı | 20181213155223.0 |
| 008 - SABİT-BOY VERİ ELEMANLARI - GENEL BİLGİLER | |
| Sabit Uzunlukta Kontrol Alanı | 161227b tu 000 0 |
| 035 ## - SİSTEM KONTROL NUMARASI | |
| Sistem Kontrol Numarası | 19802 |
| 040 ## - KATALOGLAMA KAYNAK | |
| Orijinal Kataloglama Ajansı | Milas |
| Kataloglama Dili | tur |
| Metne Dönüştürmek Ajansı | TR-AnCHP |
| 041 ## - DİL KODU | |
| Metin / Ses Parça Veya Ayrı Başlığın Dil Kodu | tur |
| 082 ## - DEWEY ONLU SINIFLANDIRMA NUMARASI | |
| Sınıflandırma Numarası | 324.64 |
| Ürün Numarası | T96 1995 |
| 090 ## - SINIFLAMA NUMARASI | |
| Sınıflama Numarası | 324.64 T96 1995 |
| 245 ## - BAŞLIK TABLOSU | |
| Başlık | Türkiye'de siyasi partilerin seçmenleri ve sosyal demokrasinin toplumsal tabanı |
| Sorumluluk Tablosu, Vb | Necat Erder...[ve öte.] |
| 260 ## - YAYIN, DAĞITIM, VB | |
| Yayın, Dağıtım, Vb Yeri | Ankara |
| Yayıncı, Dağıtıcı, Vs Adı | TÜSES Yayınları |
| Yayın, Dağıtım, Vb Tarihi | 1995 |
| 300 ## - FİZİKSEL TANIM | |
| Kapsam | 305 s. |
| Diğer Fiziksel Ayrıntıları | tbl. |
| Boyutlar | 23 sm. |
| 650 ## - KONU KATMA GİRİŞ - TOPİKAL DÖNEM | |
| Topikal Süreli Veya Coğrafi Ad Giriş Elemanı | Siyaset ve yönetim |
| Genel Alt Bölümü | Seçmenler |
| 650 ## - KONU KATMA GİRİŞ - TOPİKAL DÖNEM | |
| Topikal Süreli Veya Coğrafi Ad Giriş Elemanı | Siyaset ve yönetim |
| Genel Alt Bölümü | Sosyal demokrasi |
| Coğrafi Alt Bölümü | Türkiye |
| 650 ## - KONU KATMA GİRİŞ - TOPİKAL DÖNEM | |
| Topikal Süreli Veya Coğrafi Ad Giriş Elemanı | Siyasal partiler |
| Coğrafi Alt Bölümü | Türkiye |
| 700 ## - KATMA GİRİŞ - KİŞİSEL İSİM | |
| Kişisel Ad | Erder, Nejat |
| 942 ## - EKLENDİ GİRİŞ ELEMANLARI (KOHA) | |
| Sınıflandırma Veya Raf Düzeni Kaynak | |
| Koha Öğesi Türü | Books |
| 999 ## - SİSTEM KONTROL NUMARALARI (KOHA) | |
| Koha Biblionumber | 8731 |
| Koha Biblioitemnumber | 8731 |
| Kalıcı Konum | Mevcut Konum | Edinme Tarihi | Edinim Kaynak | Toplam Check-Out'Lar | Tam Çağrı Numarası | Barkod | Tarih Son Görülme | İtibaren Geçerli Fiyatlar | Koha Öğesi Türü | Kopya Sayısı |
|---|---|---|---|---|---|---|---|---|---|---|
| CHP Kütüphanesi | CHP Kütüphanesi | 02/10/2017 | Bağış | 324.64 T96 1995 | 012986 | 02/10/2017 | 02/10/2017 | Books | ||
| CHP Kütüphanesi | CHP Kütüphanesi | 05/12/2017 | Bağış | 324.64 T96 1995 | 016998 | 05/12/2017 | 05/12/2017 | Books | k.2 |
